000 01296cad a22002055a 4500
001 L149315
008 090720s2009 xxk 000 0 eng u
035 _a(Sirsi) u149315
041 0 _aeng
100 1 _aAiers, Peter
245 0 2 _aA community connection
_bthe role of the Churches Conservation Trust and its Regeneration Taskforce
_h[electronic resource]
260 _c2010
490 4 _aRICS Building Conservation Journal
_vMarch/April 2010 (3)
520 _aThe Churches Conservation Trust (CCT) is the national charity protecting historic churches at risk. Since 1 April 1969, the Trust has saved over 340 buildings, which now attract more than 1.5m visitors annually. The 1968 Pastoral Measure allows churches which have been made redundant by the Church of England (CoE) ? for which the diocese has been unable to find any alternative use and which are of exceptional historic, architectural or archaeological significance ? to be ?vested? in the CCT by the Church Commissioners.
590 _aKA
651 4 _aEngland and Wales
_y1543-
690 _aBUILT ENVIRONMENT-BUILDING TYPES-ANCIENT MONUMENTS AND HISTORIC BUILDINGS
856 4 1 _uhttps://www.rics.org/site/download_feed.aspx?fileID=5880&fileExtension=PDF
_zView this item (member-only access) at www.rics.org
942 _n0
999 _c82129
_d82129